000 00544nam a2200181 i 4500
001 59454
003 ES-MaACL
005 20250826055719.0
007 t|
008 031029s1932 fr ||||1| fre d
245 0 2 _aL'Enseignement de la médecine en France.
250 _aNouvelle ed.
260 _a[Paris] :
_bLa Presse Médicale,
_c1932 (
_eCorbeil :
_fCrité)
300 _a172 p. ;
_c23 cm.
650 7 _aMedicina-
_xEstudio y enseñanza-
_zFrancia
_2
_9163763
852 _aES-MaACL
_jC-18165
_bR.46315
999 _c59454
_d59454